000 00559nam a2200181Ia 4500
008 100917s9999 xx 000 0 und d
082 _b56382
100 _aकेळकर ग. म.
245 _aआधुनिक बहिर्जी नाईक
260 _bपुरंदरे प्रकाशन
_c---
300 _a51
365 _b4
520 _aकथा
630 _aआधुनिक बहिर्जी नाईक
650 _aकथा
730 _aआधुनिक बहिर्जी नाईक
942 _cBOOK
999 _c661776
_d661773